Neochlorogenic Acid, Quercetin 3-β-O-Glucoside and Ruby by Flavon Dietary Supplement Inhibit Amyloid Fibril Formation

Elmentve itt :
Bibliográfiai részletek
Szerzők: Kotormán Márta
Szarvas Afrodité
Dokumentumtípus: Cikk
Megjelent: 2024
Sorozat:PROCEEDINGS OF THE NATIONAL ACADEMY OF SCIENCES INDIA SECTION B-BIOLOGICAL SCIENCES 94 No. 5
Tárgyszavak:
doi:10.1007/s40011-024-01593-5

mtmt:35186305
Online Access:http://publicatio.bibl.u-szeged.hu/34480
LEADER 00861nab a2200217 i 4500
001 publ34480
005 20241108095058.0
008 240829s2024 hu o 000 eng d
022 |a 0369-8211 
024 7 |a 10.1007/s40011-024-01593-5  |2 doi 
024 7 |a 35186305  |2 mtmt 
040 |a SZTE Publicatio Repozitórium  |b hun 
041 |a eng 
100 1 |a Kotormán Márta 
245 1 0 |a Neochlorogenic Acid, Quercetin 3-β-O-Glucoside and Ruby by Flavon Dietary Supplement Inhibit Amyloid Fibril Formation  |h [elektronikus dokumentum] /  |c  Kotormán Márta 
260 |c 2024 
300 |a 1067-1071 
490 0 |a PROCEEDINGS OF THE NATIONAL ACADEMY OF SCIENCES INDIA SECTION B-BIOLOGICAL SCIENCES  |v 94 No. 5 
650 4 |a Biológiai tudományok 
700 0 1 |a Szarvas Afrodité  |e aut 
856 4 0 |u http://publicatio.bibl.u-szeged.hu/34480/1/s40011-024-01593-5.pdf  |z Dokumentum-elérés